{"text_format":"3","workbook":"xlsx","n_sheets":17,"sheets":["部门财务收支预算总表01-1","部门收入预算表01-2","部门支出预算表01-3","部门财政拨款收支预算总表02-1","一般公共预算支出预算表02-2","一般公共预算“三公”经费支出预算表03","部门基本支出预算表04","部门项目支出预算表05-1","部门项目支出绩效目标表05-2","部门政府性基金预算表06","部门政府采购预算表07","部门政府购买服务预算表08","省对下转移支付预算表09-1","省对下转移支付绩效目标表09-2","新增资产配置表10","中央转移支付补助项目支出预算表11","部门项目支出中期规划预算表12"],"read":"whole","date_system":"1900"}

{"sheet":"部门财务收支预算总表01-1","index":0,"n_rows":21,"n_cols":4,"rows_kept":21,"merged":[[1,0,1,3],[2,0,2,1],[3,0,3,1],[3,2,3,3],[4,0,5,0],[4,1,5,1],[4,2,5,2],[4,3,5,3]]}
[{"$nulls":3},"预算01-1表"]
["2026年部门财务收支预算总表"]
[{"$f":"\"单位名称：\"&\"云南省水文水资源局丽江分局\"","v":"单位名称：云南省水文水资源局丽江分局"},null,null,"单位：元"]
["收        入",null,"支        出"]
["项      目","预算数","项目（按功能分类）","预算数"]
[]
["一、一般公共预算拨款收入",{"v":12621112.89,"d":"12,621,112.89"},{"$f":"\"一\"&\"、\"&\"社会保障和就业支出\"","v":"一、社会保障和就业支出"},{"v":1061640.16,"d":"1,061,640.16"}]
["二、政府性基金预算拨款收入",null,{"$f":"\"二\"&\"、\"&\"卫生健康支出\"","v":"二、卫生健康支出"},{"v":743327.29,"d":"743,327.29"}]
["三、国有资本经营预算拨款收入",null,{"$f":"\"三\"&\"、\"&\"农林水支出\"","v":"三、农林水支出"},{"v":10636187.07,"d":"10,636,187.07"}]
["四、财政专户管理资金收入",null,{"$f":"\"四\"&\"、\"&\"住房保障支出\"","v":"四、住房保障支出"},{"v":707158.37,"d":"707,158.37"}]
["五、单位资金",{"v":415000,"d":"415,000.00"}]
["1、事业收入"]
["2、事业单位经营收入"]
["3、上级补助收入"]
["4、附属单位上缴收入"]
["5、其他收入",{"v":415000,"d":"415,000.00"}]
["本年收入合计",{"v":13036112.89,"d":"13,036,112.89"},"本年支出合计",{"v":13148312.89,"d":"13,148,312.89"}]
["上年结转结余",{"v":142596.26,"d":"142,596.26"},"年终结转结余",{"v":30396.26,"d":"30,396.26"}]
["1、财政拨款结转结余",null,"1、财政拨款结转结余"]
["2、非财政拨款结余",{"v":142596.26,"d":"142,596.26"},"2、非财政拨款结余",{"v":30396.26,"d":"30,396.26"}]
["收  入  总  计",{"v":13178709.15,"d":"13,178,709.15"},"支 出 总 计",{"v":13178709.15,"d":"13,178,709.15"}]

{"sheet":"部门收入预算表01-2","index":1,"n_rows":9,"n_cols":19,"rows_kept":9,"merged":[[0,17,0,18],[1,0,1,18],[2,0,2,3],[2,17,2,18],[3,0,5,0],[3,1,5,1],[3,2,5,2],[3,3,3,13],[3,14,3,18],[4,3,5,3],[4,4,5,4],[4,5,5,5],[4,6,5,6],[4,7,5,7],[4,8,4,13],[4,14,5,14],[4,15,5,15],[4,16,5,16],[4,17,5,17],[4,18,5,18]]}
[{"$nulls":17},"预算01-2表"]
["2026年部门收入预算表"]
[{"$f":"\"单位名称：\"&\"云南省水文水资源局丽江分局\"","v":"单位名称：云南省水文水资源局丽江分局"},{"$nulls":16},"单位:元","单位:元"]
["部门（单位）代码","部门（单位）名称","合计","本年收入",{"$nulls":10},"上年结转结余"]
[{"$nulls":3},"小计","一般公共预算","政府性基金预算","国有资本经营预算","财政专户管理资金","单位资金收入",null,"事业单位经营收入","上级补助收入","附属单位上缴收入","其他收入","小计","一般公共预算","政府性基金预算","国有资本经营预算","非财政拨款结余"]
[{"$nulls":8},"小计","事业收入","事业单位经营收入","上级补助收入","附属单位上缴收入","其他收入"]
[1,2,3,4,5,6,7,8,9,10,11,12,13,14,15,16,17,18,19]
["126010010","云南省水文水资源局丽江分局",{"v":13178709.15,"d":"13,178,709.15"},{"v":13036112.89,"d":"13,036,112.89"},{"v":12621112.89,"d":"12,621,112.89"},{"$nulls":3},{"v":415000,"d":"415,000.00"},{"$nulls":4},{"v":415000,"d":"415,000.00"},{"v":142596.26,"d":"142,596.26"},{"$nulls":3},{"v":142596.26,"d":"142,596.26"}]
["合计",null,{"v":13178709.15,"d":"13,178,709.15"},{"v":13036112.89,"d":"13,036,112.89"},{"v":12621112.89,"d":"12,621,112.89"},{"$nulls":3},{"v":415000,"d":"415,000.00"},{"$nulls":4},{"v":415000,"d":"415,000.00"},{"v":142596.26,"d":"142,596.26"},{"$nulls":3},{"v":142596.26,"d":"142,596.26"}]

{"sheet":"部门支出预算表01-3","index":2,"n_rows":25,"n_cols":15,"rows_kept":25,"merged":[[1,0,1,14],[2,0,2,11],[3,0,4,0],[3,1,4,1],[3,2,4,2],[3,3,3,5],[3,6,4,6],[3,7,4,7],[3,8,4,8],[3,9,3,14],[24,0,24,1]]}
[{"$nulls":14},"预算01-3表"]
["2026年部门支出预算表"]
[{"$f":"\"单位名称：\"&\"云南省水文水资源局丽江分局\"","v":"单位名称：云南省水文水资源局丽江分局"},{"$nulls":13},"单位:元"]
["科目编码","科目名称","合计","一般公共预算",null,null,"政府性基金预算","国有资本经营预算","财政专户管理的支出","单位资金","事业支出","事业单位\n经营支出","上级补助支出","附属单位补助支出","其他支出"]
[{"$nulls":3},"小计","基本支出","项目支出",{"$nulls":3},"小计","事业支出","事业单位\n经营支出","上级补助支出","附属单位补助支出","其他支出"]
[1,2,3,4,5,6,7,8,9,10,11,12,13,14,15]
["208","社会保障和就业支出",{"v":1061640.16,"d":"1,061,640.16"},{"v":1061640.16,"d":"1,061,640.16"},{"v":1061640.16,"d":"1,061,640.16"}]
["20805","行政事业单位养老支出",{"v":1010165.98,"d":"1,010,165.98"},{"v":1010165.98,"d":"1,010,165.98"},{"v":1010165.98,"d":"1,010,165.98"}]
["2080502","事业单位离退休",{"v":14580,"d":"14,580.00"},{"v":14580,"d":"14,580.00"},{"v":14580,"d":"14,580.00"}]
["2080505","机关事业单位基本养老保险缴费支出",{"v":995585.98,"d":"995,585.98"},{"v":995585.98,"d":"995,585.98"},{"v":995585.98,"d":"995,585.98"}]
["20899","其他社会保障和就业支出",{"v":51474.18,"d":"51,474.18"},{"v":51474.18,"d":"51,474.18"},{"v":51474.18,"d":"51,474.18"}]
["2089999","其他社会保障和就业支出",{"v":51474.18,"d":"51,474.18"},{"v":51474.18,"d":"51,474.18"},{"v":51474.18,"d":"51,474.18"}]
["210","卫生健康支出",{"v":743327.29,"d":"743,327.29"},{"v":743327.29,"d":"743,327.29"},{"v":743327.29,"d":"743,327.29"}]
["21011","行政事业单位医疗",{"v":743327.29,"d":"743,327.29"},{"v":743327.29,"d":"743,327.29"},{"v":743327.29,"d":"743,327.29"}]
["2101102","事业单位医疗",{"v":404456.8,"d":"404,456.80"},{"v":404456.8,"d":"404,456.80"},{"v":404456.8,"d":"404,456.80"}]
["2101103","公务员医疗补助",{"v":320144.79,"d":"320,144.79"},{"v":320144.79,"d":"320,144.79"},{"v":320144.79,"d":"320,144.79"}]
["2101199","其他行政事业单位医疗支出",{"v":18725.7,"d":"18,725.70"},{"v":18725.7,"d":"18,725.70"},{"v":18725.7,"d":"18,725.70"}]
["213","农林水支出",{"v":10636187.07,"d":"10,636,187.07"},{"v":10108987.07,"d":"10,108,987.07"},{"v":7860687.07,"d":"7,860,687.07"},{"v":2248300,"d":"2,248,300.00"},{"$nulls":3},{"v":527200,"d":"527,200.00"},{"$nulls":4},{"v":527200,"d":"527,200.00"}]
["21303","水利",{"v":10636187.07,"d":"10,636,187.07"},{"v":10108987.07,"d":"10,108,987.07"},{"v":7860687.07,"d":"7,860,687.07"},{"v":2248300,"d":"2,248,300.00"},{"$nulls":3},{"v":527200,"d":"527,200.00"},{"$nulls":4},{"v":527200,"d":"527,200.00"}]
["2130311","水资源节约管理与保护",{"v":542500,"d":"542,500.00"},{"v":542500,"d":"542,500.00"},null,{"v":542500,"d":"542,500.00"}]
["2130313","水文测报",{"v":10093687.07,"d":"10,093,687.07"},{"v":9566487.07,"d":"9,566,487.07"},{"v":7860687.07,"d":"7,860,687.07"},{"v":1705800,"d":"1,705,800.00"},{"$nulls":3},{"v":527200,"d":"527,200.00"},{"$nulls":4},{"v":527200,"d":"527,200.00"}]
["221","住房保障支出",{"v":707158.37,"d":"707,158.37"},{"v":707158.37,"d":"707,158.37"},{"v":707158.37,"d":"707,158.37"}]
["22102","住房改革支出",{"v":707158.37,"d":"707,158.37"},{"v":707158.37,"d":"707,158.37"},{"v":707158.37,"d":"707,158.37"}]
["2210201","住房公积金",{"v":707158.37,"d":"707,158.37"},{"v":707158.37,"d":"707,158.37"},{"v":707158.37,"d":"707,158.37"}]
["合  计","合  计",{"v":13148312.89,"d":"13,148,312.89"},{"v":12621112.89,"d":"12,621,112.89"},{"v":10372812.89,"d":"10,372,812.89"},{"v":2248300,"d":"2,248,300.00"},{"$nulls":3},{"v":527200,"d":"527,200.00"},{"$nulls":4},{"v":527200,"d":"527,200.00"}]

{"sheet":"部门财政拨款收支预算总表02-1","index":3,"n_rows":16,"n_cols":4,"rows_kept":16,"merged":[[1,0,1,3],[2,0,2,1],[3,0,3,1],[3,2,3,3],[4,0,5,0],[4,1,5,1],[4,2,5,2],[4,3,5,3]]}
[{"$nulls":3},"预算02-1表"]
["2026年财政拨款收支预算总表"]
[{"$f":"\"单位名称：\"&\"云南省水文水资源局丽江分局\"","v":"单位名称：云南省水文水资源局丽江分局"},null,null,"单位:元"]
["收        入",null,"支        出"]
["项      目","预算数","支出功能分类科目","预算数"]
[]
["一、本年收入",{"v":12621112.89,"d":"12,621,112.89"},"一、本年支出",{"v":12621112.89,"d":"12,621,112.89"}]
["（一）一般公共预算拨款",{"v":12621112.89,"d":"12,621,112.89"},{"$f":"\"（一）\"&\"社会保障和就业支出\"","v":"（一）社会保障和就业支出"},{"v":1061640.16,"d":"1,061,640.16"}]
["（二）政府性基金预算拨款",null,{"$f":"\"（二）\"&\"卫生健康支出\"","v":"（二）卫生健康支出"},{"v":743327.29,"d":"743,327.29"}]
["（三）国有资本经营预算拨款",null,{"$f":"\"（三）\"&\"农林水支出\"","v":"（三）农林水支出"},{"v":10108987.07,"d":"10,108,987.07"}]
["二、上年结转",null,{"$f":"\"（四）\"&\"住房保障支出\"","v":"（四）住房保障支出"},{"v":707158.37,"d":"707,158.37"}]
["（一）一般公共预算拨款"]
["（二）政府性基金预算拨款"]
["（三）国有资本经营预算拨款"]
[null,null,"二、年终结转结余"]
["收 入 总 计",{"v":12621112.89,"d":"12,621,112.89"},"支 出 总 计",{"v":12621112.89,"d":"12,621,112.89"}]

{"sheet":"一般公共预算支出预算表02-2","index":4,"n_rows":25,"n_cols":7,"rows_kept":25,"merged":[[1,0,1,6],[2,0,2,4],[3,0,3,1],[3,2,4,2],[3,3,3,5],[3,6,4,6],[24,0,24,1]]}
[{"$nulls":6},"预算02-2表"]
["2026年一般公共预算支出预算表（按功能科目分类）"]
[{"$f":"\"单位名称：\"&\"云南省水文水资源局丽江分局\"","v":"单位名称：云南省水文水资源局丽江分局"},{"$nulls":5},"单位：元"]
["部门预算支出功能分类科目",null,"合计","基本支出",null,null,"项目支出"]
["科目编码","科目名称",null,"小计","人员经费","公用经费"]
["1","2","3",null,"4","5","6"]
["208","社会保障和就业支出",{"v":1061640.16,"d":"1,061,640.16"},{"v":1061640.16,"d":"1,061,640.16"},{"v":1047060.16,"d":"1,047,060.16"},{"v":14580,"d":"14,580.00"}]
["20805","行政事业单位养老支出",{"v":1010165.98,"d":"1,010,165.98"},{"v":1010165.98,"d":"1,010,165.98"},{"v":995585.98,"d":"995,585.98"},{"v":14580,"d":"14,580.00"}]
["2080502","事业单位离退休",{"v":14580,"d":"14,580.00"},{"v":14580,"d":"14,580.00"},null,{"v":14580,"d":"14,580.00"}]
["2080505","机关事业单位基本养老保险缴费支出",{"v":995585.98,"d":"995,585.98"},{"v":995585.98,"d":"995,585.98"},{"v":995585.98,"d":"995,585.98"}]
["20899","其他社会保障和就业支出",{"v":51474.18,"d":"51,474.18"},{"v":51474.18,"d":"51,474.18"},{"v":51474.18,"d":"51,474.18"}]
["2089999","其他社会保障和就业支出",{"v":51474.18,"d":"51,474.18"},{"v":51474.18,"d":"51,474.18"},{"v":51474.18,"d":"51,474.18"}]
["210","卫生健康支出",{"v":743327.29,"d":"743,327.29"},{"v":743327.29,"d":"743,327.29"},{"v":743327.29,"d":"743,327.29"}]
["21011","行政事业单位医疗",{"v":743327.29,"d":"743,327.29"},{"v":743327.29,"d":"743,327.29"},{"v":743327.29,"d":"743,327.29"}]
["2101102","事业单位医疗",{"v":404456.8,"d":"404,456.80"},{"v":404456.8,"d":"404,456.80"},{"v":404456.8,"d":"404,456.80"}]
["2101103","公务员医疗补助",{"v":320144.79,"d":"320,144.79"},{"v":320144.79,"d":"320,144.79"},{"v":320144.79,"d":"320,144.79"}]
["2101199","其他行政事业单位医疗支出",{"v":18725.7,"d":"18,725.70"},{"v":18725.7,"d":"18,725.70"},{"v":18725.7,"d":"18,725.70"}]
["213","农林水支出",{"v":10108987.07,"d":"10,108,987.07"},{"v":7860687.07,"d":"7,860,687.07"},{"v":7146891,"d":"7,146,891.00"},{"v":713796.07,"d":"713,796.07"},{"v":2248300,"d":"2,248,300.00"}]
["21303","水利",{"v":10108987.07,"d":"10,108,987.07"},{"v":7860687.07,"d":"7,860,687.07"},{"v":7146891,"d":"7,146,891.00"},{"v":713796.07,"d":"713,796.07"},{"v":2248300,"d":"2,248,300.00"}]
["2130311","水资源节约管理与保护",{"v":542500,"d":"542,500.00"},{"$nulls":3},{"v":542500,"d":"542,500.00"}]
["2130313","水文测报",{"v":9566487.07,"d":"9,566,487.07"},{"v":7860687.07,"d":"7,860,687.07"},{"v":7146891,"d":"7,146,891.00"},{"v":713796.07,"d":"713,796.07"},{"v":1705800,"d":"1,705,800.00"}]
["221","住房保障支出",{"v":707158.37,"d":"707,158.37"},{"v":707158.37,"d":"707,158.37"},{"v":707158.37,"d":"707,158.37"}]
["22102","住房改革支出",{"v":707158.37,"d":"707,158.37"},{"v":707158.37,"d":"707,158.37"},{"v":707158.37,"d":"707,158.37"}]
["2210201","住房公积金",{"v":707158.37,"d":"707,158.37"},{"v":707158.37,"d":"707,158.37"},{"v":707158.37,"d":"707,158.37"}]
["合  计","合  计",{"v":12621112.89,"d":"12,621,112.89"},{"v":10372812.89,"d":"10,372,812.89"},{"v":9644436.82,"d":"9,644,436.82"},{"v":728376.07,"d":"728,376.07"},{"v":2248300,"d":"2,248,300.00"}]

{"sheet":"一般公共预算“三公”经费支出预算表03","index":5,"n_rows":7,"n_cols":6,"rows_kept":7,"merged":[[1,0,1,5],[2,0,2,3],[3,0,4,0],[3,1,4,1],[3,2,3,4],[3,5,4,5]]}
[{"$nulls":5},"预算03表"]
["2026年一般公共预算“三公”经费支出预算表"]
[{"$f":"\"单位名称：\"&\"云南省水文水资源局丽江分局\"","v":"单位名称：云南省水文水资源局丽江分局"},{"$nulls":4},"单位：元"]
["“三公”经费合计","因公出国（境）费","公务用车购置及运行费",null,null,"公务接待费"]
[null,null,"小计","公务用车购置费","公务用车运行费"]
[1,2,3,4,5,6]
[{"v":127300,"d":"127,300.00"},null,{"v":124800,"d":"124,800.00"},null,{"v":124800,"d":"124,800.00"},{"v":2500,"d":"2,500.00"}]

{"sheet":"部门基本支出预算表04","index":6,"n_rows":34,"n_cols":23,"rows_kept":34,"merged":[[1,0,1,22],[2,0,2,6],[3,0,6,0],[3,1,6,1],[3,2,6,2],[3,3,6,3],[3,4,6,4],[3,5,6,5],[3,6,6,6],[3,7,3,22],[4,7,6,7],[4,8,4,12],[4,13,4,15],[4,16,6,16],[4,17,4,22],[5,8,6,8],[5,9,6,9],[5,10,6,10],[5,11,6,11],[5,12,6,12],[5,13,6,13],[5,14,6,14],[5,15,6,15],[5,17,6,17],[5,18,6,18],[5,19,6,19],[5,20,6,20],[5,21,6,21],[5,22,6,22],[33,0,33,6]]}
[{"$nulls":22},"预算04表"]
["2026年部门基本支出预算表"]
[{"$f":"\"单位名称：\"&\"云南省水文水资源局丽江分局\"","v":"单位名称：云南省水文水资源局丽江分局"},{"$nulls":21},"单位：元"]
["单位名称","项目代码","项目名称","功能科目编码","功能科目名称","经济科目编码","经济科目名称","资金来源"]
[{"$nulls":7},"合计","一般公共预算",{"$nulls":4},"财政拨款结转结余",null,null,"财政专户管理资金","单位资金"]
[{"$nulls":8},"全年数","已提前安排","抵扣上年垫付资金","本次下达","另文下达","一般公共预算","政府性基金预算","国有资本经营预算",null,"小计","事业收入","事业单位\n经营收入","上级补助收入","附属单位上缴收入","其他收入"]
[]
[1,2,3,4,5,6,7,8,9,10,11,12,13,14,15,16,17,18,19,20,21,22,23]
["云南省水文水资源局丽江分局",{"$nulls":6},{"v":10417812.89,"d":"10,417,812.89"},{"v":10372812.89,"d":"10,372,812.89"},{"v":2576047.51,"d":"2,576,047.51"},null,{"v":7796765.38,"d":"7,796,765.38"},{"$nulls":5},{"v":45000,"d":"45,000.00"},{"$nulls":4},{"v":45000,"d":"45,000.00"}]
["云南省水文水资源局丽江分局","530000210000000042679","事业人员支出工资","2130313","水文测报","30101","基本工资",{"v":3041028,"d":"3,041,028.00"},{"v":3041028,"d":"3,041,028.00"},{"v":760257,"d":"760,257.00"},null,{"v":2280771,"d":"2,280,771.00"}]
["云南省水文水资源局丽江分局","530000210000000042679","事业人员支出工资","2130313","水文测报","30102","津贴补贴",{"v":594240,"d":"594,240.00"},{"v":594240,"d":"594,240.00"},{"v":148560,"d":"148,560.00"},null,{"v":445680,"d":"445,680.00"}]
["云南省水文水资源局丽江分局","530000210000000042679","事业人员支出工资","2130313","水文测报","30103","奖金",{"v":253419,"d":"253,419.00"},{"v":253419,"d":"253,419.00"},{"v":63354.75,"d":"63,354.75"},null,{"v":190064.25,"d":"190,064.25"}]
["云南省水文水资源局丽江分局","530000210000000042679","事业人员支出工资","2130313","水文测报","30107","绩效工资",{"v":3223260,"d":"3,223,260.00"},{"v":3223260,"d":"3,223,260.00"},{"v":805815,"d":"805,815.00"},null,{"v":2417445,"d":"2,417,445.00"}]
["云南省水文水资源局丽江分局","530000210000000042680","社会保障缴费","2080505","机关事业单位基本养老保险缴费支出","30108","机关事业单位基本养老保险缴费",{"v":995585.98,"d":"995,585.98"},{"v":995585.98,"d":"995,585.98"},{"v":248896.5,"d":"248,896.50"},null,{"v":746689.48,"d":"746,689.48"}]
["云南省水文水资源局丽江分局","530000210000000042680","社会保障缴费","2089999","其他社会保障和就业支出","30112","其他社会保障缴费",{"v":51474.18,"d":"51,474.18"},{"v":51474.18,"d":"51,474.18"},{"v":12868.55,"d":"12,868.55"},null,{"v":38605.63,"d":"38,605.63"}]
["云南省水文水资源局丽江分局","530000210000000042680","社会保障缴费","2101102","事业单位医疗","30110","职工基本医疗保险缴费",{"v":404456.8,"d":"404,456.80"},{"v":404456.8,"d":"404,456.80"},{"v":101114.2,"d":"101,114.20"},null,{"v":303342.6,"d":"303,342.60"}]
["云南省水文水资源局丽江分局","530000210000000042680","社会保障缴费","2101103","公务员医疗补助","30111","公务员医疗补助缴费",{"v":320144.79,"d":"320,144.79"},{"v":320144.79,"d":"320,144.79"},{"v":80036.2,"d":"80,036.20"},null,{"v":240108.59,"d":"240,108.59"}]
["云南省水文水资源局丽江分局","530000210000000042680","社会保障缴费","2101199","其他行政事业单位医疗支出","30112","其他社会保障缴费",{"v":18725.7,"d":"18,725.70"},{"v":18725.7,"d":"18,725.70"},{"v":18725.7,"d":"18,725.70"}]
["云南省水文水资源局丽江分局","530000210000000042682","住房公积金","2210201","住房公积金","30113","住房公积金",{"v":707158.37,"d":"707,158.37"},{"v":707158.37,"d":"707,158.37"},{"v":176789.59,"d":"176,789.59"},null,{"v":530368.78,"d":"530,368.78"}]
["云南省水文水资源局丽江分局","530000210000000042683","对个人和家庭的补助","2130313","水文测报","30305","生活补助",{"v":34944,"d":"34,944.00"},{"v":34944,"d":"34,944.00"},{"v":8736,"d":"8,736.00"},null,{"v":26208,"d":"26,208.00"}]
["云南省水文水资源局丽江分局","530000210000000042685","公车购置及运维费","2130313","水文测报","30231","公务用车运行维护费",{"v":149800,"d":"149,800.00"},{"v":124800,"d":"124,800.00"},null,null,{"v":124800,"d":"124,800.00"},{"$nulls":5},{"v":25000,"d":"25,000.00"},{"$nulls":4},{"v":25000,"d":"25,000.00"}]
["云南省水文水资源局丽江分局","530000210000000042687","公务接待费","2130313","水文测报","30217","公务接待费",{"v":2500,"d":"2,500.00"},{"v":2500,"d":"2,500.00"},{"v":625,"d":"625.00"},null,{"v":1875,"d":"1,875.00"}]
["云南省水文水资源局丽江分局","530000210000000042689","工会经费","2130313","水文测报","30228","工会经费",{"v":142238.94,"d":"142,238.94"},{"v":142238.94,"d":"142,238.94"},{"v":35559.74,"d":"35,559.74"},null,{"v":106679.2,"d":"106,679.20"}]
["云南省水文水资源局丽江分局","530000210000000042690","一般公用经费","2080502","事业单位离退休","30299","其他商品和服务支出",{"v":14580,"d":"14,580.00"},{"v":14580,"d":"14,580.00"},{"v":3645,"d":"3,645.00"},null,{"v":10935,"d":"10,935.00"}]
["云南省水文水资源局丽江分局","530000210000000042690","一般公用经费","2130313","水文测报","30201","办公费",{"v":72000,"d":"72,000.00"},{"v":72000,"d":"72,000.00"},{"v":18000,"d":"18,000.00"},null,{"v":54000,"d":"54,000.00"}]
["云南省水文水资源局丽江分局","530000210000000042690","一般公用经费","2130313","水文测报","30202","印刷费",{"v":7395.73,"d":"7,395.73"},{"v":7395.73,"d":"7,395.73"},{"v":1848.93,"d":"1,848.93"},null,{"v":5546.8,"d":"5,546.80"}]
["云南省水文水资源局丽江分局","530000210000000042690","一般公用经费","2130313","水文测报","30205","水费",{"v":15000,"d":"15,000.00"},{"v":15000,"d":"15,000.00"},{"v":3750,"d":"3,750.00"},null,{"v":11250,"d":"11,250.00"}]
["云南省水文水资源局丽江分局","530000210000000042690","一般公用经费","2130313","水文测报","30206","电费",{"v":75000,"d":"75,000.00"},{"v":75000,"d":"75,000.00"},{"v":18750,"d":"18,750.00"},null,{"v":56250,"d":"56,250.00"}]
["云南省水文水资源局丽江分局","530000210000000042690","一般公用经费","2130313","水文测报","30207","邮电费",{"v":20337.84,"d":"20,337.84"},{"v":20337.84,"d":"20,337.84"},{"v":5084.46,"d":"5,084.46"},null,{"v":15253.38,"d":"15,253.38"}]
["云南省水文水资源局丽江分局","530000210000000042690","一般公用经费","2130313","水文测报","30211","差旅费",{"v":66859.7,"d":"66,859.70"},{"v":66859.7,"d":"66,859.70"},{"v":16714.93,"d":"16,714.93"},null,{"v":50144.77,"d":"50,144.77"}]
["云南省水文水资源局丽江分局","530000210000000042690","一般公用经费","2130313","水文测报","30213","维修（护）费",{"v":4887.77,"d":"4,887.77"},{"v":4887.77,"d":"4,887.77"},{"v":1221.94,"d":"1,221.94"},null,{"v":3665.83,"d":"3,665.83"}]
["云南省水文水资源局丽江分局","530000210000000042690","一般公用经费","2130313","水文测报","30216","培训费",{"v":4200,"d":"4,200.00"},{"v":4200,"d":"4,200.00"},{"v":1050,"d":"1,050.00"},null,{"v":3150,"d":"3,150.00"}]
["云南省水文水资源局丽江分局","530000210000000042690","一般公用经费","2130313","水文测报","30299","其他商品和服务支出",{"v":198576.09,"d":"198,576.09"},{"v":178576.09,"d":"178,576.09"},{"v":44644.02,"d":"44,644.02"},null,{"v":133932.07,"d":"133,932.07"},{"$nulls":5},{"v":20000,"d":"20,000.00"},{"$nulls":4},{"v":20000,"d":"20,000.00"}]
["合  计",{"$nulls":6},{"v":10417812.89,"d":"10,417,812.89"},{"v":10372812.89,"d":"10,372,812.89"},{"v":2576047.51,"d":"2,576,047.51"},null,{"v":7796765.38,"d":"7,796,765.38"},{"$nulls":5},{"v":45000,"d":"45,000.00"},{"$nulls":4},{"v":45000,"d":"45,000.00"}]

{"sheet":"部门项目支出预算表05-1","index":7,"n_rows":31,"n_cols":23,"rows_kept":31,"merged":[[1,0,1,22],[2,0,2,8],[3,0,5,0],[3,1,5,1],[3,2,5,2],[3,3,5,3],[3,4,5,4],[3,5,5,5],[3,6,5,6],[3,7,5,7],[3,8,5,8],[3,9,3,12],[3,13,3,15],[3,16,5,16],[3,17,3,22],[4,9,4,10],[4,11,5,11],[4,12,5,12],[4,13,5,13],[4,14,5,14],[4,15,5,15],[4,17,5,17],[4,18,5,18],[4,19,5,19],[4,20,5,20],[4,21,5,21],[4,22,5,22],[30,0,30,7]]}
[{"$nulls":22},"预算05-1表"]
["2026年部门项目支出预算表"]
[{"$f":"\"单位名称：\"&\"云南省水文水资源局丽江分局\"","v":"单位名称：云南省水文水资源局丽江分局"},"单位名称：云南省水文水资源局丽江分局",{"$nulls":20},"单位：元"]
["项目分类","项目代码","项目名称","项目单位","功能科目编码","功能科目名称","经济科目编码","经济科目名称","合计","本年拨款",{"$nulls":3},"财政拨款结转结余",null,null,"财政专户管理资金","单位资金"]
[{"$nulls":9},"一般公共预算",null,"政府性基金预算","国有资本经营预算","一般公共预算","政府性基金预算","国有资本经营预算",null,"小计","事业收入","事业单位\n经营收入","上级补助收入","附属单位上缴收入","其他收入"]
[{"$nulls":9},"小计","其中：本次下达"]
[1,2,3,4,5,6,7,8,9,10,11,12,13,14,15,16,17,18,19,20,21,22,23]
[null,null,"其他人员支出",{"$nulls":5},{"v":830000,"d":"830,000.00"},{"v":830000,"d":"830,000.00"},{"v":830000,"d":"830,000.00"}]
["民生类","530000231100001110274","其他人员支出","云南省水文水资源局丽江分局","2130313","水文测报","30199","其他工资福利支出",{"v":830000,"d":"830,000.00"},{"v":830000,"d":"830,000.00"},{"v":830000,"d":"830,000.00"}]
[null,null,"水文水资源服务支出经费",{"$nulls":5},{"v":1900500,"d":"1,900,500.00"},{"v":1418300,"d":"1,418,300.00"},{"$nulls":7},{"v":482200,"d":"482,200.00"},{"$nulls":4},{"v":482200,"d":"482,200.00"}]
["其他运转类","530000251100003229128","水文水资源服务支出经费","云南省水文水资源局丽江分局","2130311","水资源节约管理与保护","30211","差旅费",{"v":146140,"d":"146,140.00"},{"v":146140,"d":"146,140.00"}]
["其他运转类","530000251100003229128","水文水资源服务支出经费","云南省水文水资源局丽江分局","2130311","水资源节约管理与保护","30213","维修（护）费",{"v":82600,"d":"82,600.00"},{"v":82600,"d":"82,600.00"}]
["其他运转类","530000251100003229128","水文水资源服务支出经费","云南省水文水资源局丽江分局","2130311","水资源节约管理与保护","30216","培训费",{"v":12800,"d":"12,800.00"},{"v":12800,"d":"12,800.00"}]
["其他运转类","530000251100003229128","水文水资源服务支出经费","云南省水文水资源局丽江分局","2130311","水资源节约管理与保护","30218","专用材料费",{"v":109600,"d":"109,600.00"},{"v":109600,"d":"109,600.00"}]
["其他运转类","530000251100003229128","水文水资源服务支出经费","云南省水文水资源局丽江分局","2130311","水资源节约管理与保护","30227","委托业务费",{"v":31500,"d":"31,500.00"},{"v":31500,"d":"31,500.00"}]
["其他运转类","530000251100003229128","水文水资源服务支出经费","云南省水文水资源局丽江分局","2130311","水资源节约管理与保护","31002","办公设备购置",{"v":21400,"d":"21,400.00"},{"v":21400,"d":"21,400.00"}]
["其他运转类","530000251100003229128","水文水资源服务支出经费","云南省水文水资源局丽江分局","2130311","水资源节约管理与保护","31003","专用设备购置",{"v":138460,"d":"138,460.00"},{"v":138460,"d":"138,460.00"}]
["其他运转类","530000251100003229128","水文水资源服务支出经费","云南省水文水资源局丽江分局","2130313","水文测报","30201","办公费",{"v":17210,"d":"17,210.00"},{"v":17210,"d":"17,210.00"}]
["其他运转类","530000251100003229128","水文水资源服务支出经费","云南省水文水资源局丽江分局","2130313","水文测报","30202","印刷费",{"v":16000,"d":"16,000.00"},{"v":16000,"d":"16,000.00"}]
["其他运转类","530000251100003229128","水文水资源服务支出经费","云南省水文水资源局丽江分局","2130313","水文测报","30204","手续费",{"v":700,"d":"700.00"},{"v":700,"d":"700.00"}]
["其他运转类","530000251100003229128","水文水资源服务支出经费","云南省水文水资源局丽江分局","2130313","水文测报","30209","物业管理费",{"v":54696,"d":"54,696.00"},{"v":54696,"d":"54,696.00"}]
["其他运转类","530000251100003229128","水文水资源服务支出经费","云南省水文水资源局丽江分局","2130313","水文测报","30211","差旅费",{"v":176164,"d":"176,164.00"},{"v":176164,"d":"176,164.00"}]
["其他运转类","530000251100003229128","水文水资源服务支出经费","云南省水文水资源局丽江分局","2130313","水文测报","30213","维修（护）费",{"v":489900,"d":"489,900.00"},{"v":216900,"d":"216,900.00"},{"$nulls":7},{"v":273000,"d":"273,000.00"},{"$nulls":4},{"v":273000,"d":"273,000.00"}]
["其他运转类","530000251100003229128","水文水资源服务支出经费","云南省水文水资源局丽江分局","2130313","水文测报","30214","租赁费",{"v":119700,"d":"119,700.00"},{"v":119700,"d":"119,700.00"}]
["其他运转类","530000251100003229128","水文水资源服务支出经费","云南省水文水资源局丽江分局","2130313","水文测报","30218","专用材料费",{"v":17000,"d":"17,000.00"},{"v":17000,"d":"17,000.00"}]
["其他运转类","530000251100003229128","水文水资源服务支出经费","云南省水文水资源局丽江分局","2130313","水文测报","30227","委托业务费",{"v":216700,"d":"216,700.00"},{"v":7500,"d":"7,500.00"},{"$nulls":7},{"v":209200,"d":"209,200.00"},{"$nulls":4},{"v":209200,"d":"209,200.00"}]
["其他运转类","530000251100003229128","水文水资源服务支出经费","云南省水文水资源局丽江分局","2130313","水文测报","30239","其他交通费用",{"v":48200,"d":"48,200.00"},{"v":48200,"d":"48,200.00"}]
["其他运转类","530000251100003229128","水文水资源服务支出经费","云南省水文水资源局丽江分局","2130313","水文测报","30240","税金及附加费用",{"v":15000,"d":"15,000.00"},{"v":15000,"d":"15,000.00"}]
["其他运转类","530000251100003229128","水文水资源服务支出经费","云南省水文水资源局丽江分局","2130313","水文测报","31002","办公设备购置",{"v":120430,"d":"120,430.00"},{"v":120430,"d":"120,430.00"}]
["其他运转类","530000251100003229128","水文水资源服务支出经费","云南省水文水资源局丽江分局","2130313","水文测报","31003","专用设备购置",{"v":66300,"d":"66,300.00"},{"v":66300,"d":"66,300.00"}]
["合  计",{"$nulls":7},{"v":2730500,"d":"2,730,500.00"},{"v":2248300,"d":"2,248,300.00"},{"v":830000,"d":"830,000.00"},{"$nulls":6},{"v":482200,"d":"482,200.00"},{"$nulls":4},{"v":482200,"d":"482,200.00"}]

{"sheet":"部门项目支出绩效目标表05-2","index":8,"n_rows":30,"n_cols":10,"rows_kept":30,"merged":[[1,0,1,9],[2,0,2,7],[6,0,26,0],[6,1,26,1],[27,0,29,0],[27,1,29,1]]}
[{"$nulls":9},"预算05-2表"]
["2026年部门项目支出绩效目标表"]
[{"$f":"\"单位名称：\"&\"云南省水文水资源局丽江分局\"","v":"单位名称：云南省水文水资源局丽江分局"}]
["单位名称、项目名称","项目年度绩效目标","一级指标","二级指标","三级指标","指标性质","指标值","度量单位","指标属性","指标内容"]
[1,2,3,4,5,6,7,8,9,10]
["云南省水文水资源局丽江分局"]
["水文水资源服务支出经费","1.完成全市13个水文站、8个水位站、208个雨量站、18个墒情站、37个水质监测站点年度监测任务，严格落实监测规范，确保监测数据合格率、及时率达成年度监测工作任务要求。\n2.完成全市水源地、常规监测站点及水功能区年度水资源质量监测、分析与评价全流程工作，形成年度水资源质量评价报告；保障监测数据畅通传输、规范归档，数据畅通率、合格率、时效性符合年度工作任务要求。\n3.持续强化水环境监测中心丽江分中心实验室规范化管理，严格落实安全防护制度及日常质量管控措施；完成信息系统、基础设施及仪器设备年度运行维护工作，确保检测数据准确可靠。\n4.完成丽江市辖区内所有水文（位）站、雨量站设施设备年度巡检、维护及维修工作，及时处理运行故障，确保站点正常运行，持续保持稳定的监测能力。\n5.严格按照年度对外服务合同约定，全面完成水资源论证、水文资料审查、水文分析计算、水资源调查评价和规划、水文情报预报及分析评价、水质资料与成果评价等既定服务项目；同步在资质条件及法律法规许可范围内，规范承接并开展其他服务项目，确保所有合同项目均在时效期内完成，成果可靠。\n6.完成年度水文委托业务中水质监测相关任务，建立全流程质量追溯机制，确保监测成果真实准确、规范完整；成果质量通过主管部门审核验收，获得社会公众认可。","产出指标","数量指标","技术服务合同完成数",">=","6","份","定量指标","反映外企业或单位委托我单位完成水文勘测工作、提供水文信息数据完成情况。"]
["水文水资源服务支出经费","1.完成全市13个水文站、8个水位站、208个雨量站、18个墒情站、37个水质监测站点年度监测任务，严格落实监测规范，确保监测数据合格率、及时率达成年度监测工作任务要求。\n2.完成全市水源地、常规监测站点及水功能区年度水资源质量监测、分析与评价全流程工作，形成年度水资源质量评价报告；保障监测数据畅通传输、规范归档，数据畅通率、合格率、时效性符合年度工作任务要求。\n3.持续强化水环境监测分中心丽江分中心实验室规范化管理，严格落实安全防护制度及日常质量管控措施；完成信息系统、基础设施及仪器设备年度运行维护工作，确保检测数据准确可靠。\n4.完成丽江市辖区内所有水文（位）站、雨量站设施设备年度巡检、维护及维修工作，及时处理运行故障，确保站点正常运行，持续保持稳定的监测能力。\n5.严格按照年度对外服务合同约定，全面完成水资源论证、水文资料审查、水文分析计算、水资源调查评价和规划、水文情报预报及分析评价、水质资料与成果评价等既定服务项目；同步在资质条件及法律法规许可范围内，规范承接并开展其他服务项目，确保所有合同项目均在时效期内完成，成果可靠。\n6.完成年度水文委托业务中水质监测相关任务，建立全流程质量追溯机制，确保监测成果真实准确、规范完整；成果质量通过主管部门审核验收，获得社会公众认可。","产出指标","数量指标","完成监测任务的水文站数量","=","13","个","定量指标","反映13个水文站监测任务完成情况。"]
["水文水资源服务支出经费","1.完成全市13个水文站、8个水位站、208个雨量站、18个墒情站、37个水质监测站点年度监测任务，严格落实监测规范，确保监测数据合格率、及时率达成年度监测工作任务要求。\n2.完成全市水源地、常规监测站点及水功能区年度水资源质量监测、分析与评价全流程工作，形成年度水资源质量评价报告；保障监测数据畅通传输、规范归档，数据畅通率、合格率、时效性符合年度工作任务要求。\n3.持续强化水环境监测分中心丽江分中心实验室规范化管理，严格落实安全防护制度及日常质量管控措施；完成信息系统、基础设施及仪器设备年度运行维护工作，确保检测数据准确可靠。\n4.完成丽江市辖区内所有水文（位）站、雨量站设施设备年度巡检、维护及维修工作，及时处理运行故障，确保站点正常运行，持续保持稳定的监测能力。\n5.严格按照年度对外服务合同约定，全面完成水资源论证、水文资料审查、水文分析计算、水资源调查评价和规划、水文情报预报及分析评价、水质资料与成果评价等既定服务项目；同步在资质条件及法律法规许可范围内，规范承接并开展其他服务项目，确保所有合同项目均在时效期内完成，成果可靠。\n6.完成年度水文委托业务中水质监测相关任务，建立全流程质量追溯机制，确保监测成果真实准确、规范完整；成果质量通过主管部门审核验收，获得社会公众认可。","产出指标","数量指标","完成监测任务的水位站数量","=","8","个","定量指标","反映8个水位站监测任务完成情况。"]
["水文水资源服务支出经费","1.完成全市13个水文站、8个水位站、208个雨量站、18个墒情站、37个水质监测站点年度监测任务，严格落实监测规范，确保监测数据合格率、及时率达成年度监测工作任务要求。\n2.完成全市水源地、常规监测站点及水功能区年度水资源质量监测、分析与评价全流程工作，形成年度水资源质量评价报告；保障监测数据畅通传输、规范归档，数据畅通率、合格率、时效性符合年度工作任务要求。\n3.持续强化水环境监测分中心丽江分中心实验室规范化管理，严格落实安全防护制度及日常质量管控措施；完成信息系统、基础设施及仪器设备年度运行维护工作，确保检测数据准确可靠。\n4.完成丽江市辖区内所有水文（位）站、雨量站设施设备年度巡检、维护及维修工作，及时处理运行故障，确保站点正常运行，持续保持稳定的监测能力。\n5.严格按照年度对外服务合同约定，全面完成水资源论证、水文资料审查、水文分析计算、水资源调查评价和规划、水文情报预报及分析评价、水质资料与成果评价等既定服务项目；同步在资质条件及法律法规许可范围内，规范承接并开展其他服务项目，确保所有合同项目均在时效期内完成，成果可靠。\n6.完成年度水文委托业务中水质监测相关任务，建立全流程质量追溯机制，确保监测成果真实准确、规范完整；成果质量通过主管部门审核验收，获得社会公众认可。","产出指标","数量指标","完成监测任务的雨量站数量","=","208","个","定量指标","反映208个雨量站完成监测任务的情况。"]
["水文水资源服务支出经费","1.完成全市13个水文站、8个水位站、208个雨量站、18个墒情站、37个水质监测站点年度监测任务，严格落实监测规范，确保监测数据合格率、及时率达成年度监测工作任务要求。\n2.完成全市水源地、常规监测站点及水功能区年度水资源质量监测、分析与评价全流程工作，形成年度水资源质量评价报告；保障监测数据畅通传输、规范归档，数据畅通率、合格率、时效性符合年度工作任务要求。\n3.持续强化水环境监测分中心丽江分中心实验室规范化管理，严格落实安全防护制度及日常质量管控措施；完成信息系统、基础设施及仪器设备年度运行维护工作，确保检测数据准确可靠。\n4.完成丽江市辖区内所有水文（位）站、雨量站设施设备年度巡检、维护及维修工作，及时处理运行故障，确保站点正常运行，持续保持稳定的监测能力。\n5.严格按照年度对外服务合同约定，全面完成水资源论证、水文资料审查、水文分析计算、水资源调查评价和规划、水文情报预报及分析评价、水质资料与成果评价等既定服务项目；同步在资质条件及法律法规许可范围内，规范承接并开展其他服务项目，确保所有合同项目均在时效期内完成，成果可靠。\n6.完成年度水文委托业务中水质监测相关任务，建立全流程质量追溯机制，确保监测成果真实准确、规范完整；成果质量通过主管部门审核验收，获得社会公众认可。","产出指标","数量指标","水质监测站点数量","=","37","个","定量指标","反映每年的水质监测按照任务书完成的监测情况（断流等自然因素除外）。"]
["水文水资源服务支出经费","1.完成全市13个水文站、8个水位站、208个雨量站、18个墒情站、37个水质监测站点年度监测任务，严格落实监测规范，确保监测数据合格率、及时率达成年度监测工作任务要求。\n2.完成全市水源地、常规监测站点及水功能区年度水资源质量监测、分析与评价全流程工作，形成年度水资源质量评价报告；保障监测数据畅通传输、规范归档，数据畅通率、合格率、时效性符合年度工作任务要求。\n3.持续强化水环境监测分中心丽江分中心实验室规范化管理，严格落实安全防护制度及日常质量管控措施；完成信息系统、基础设施及仪器设备年度运行维护工作，确保检测数据准确可靠。\n4.完成丽江市辖区内所有水文（位）站、雨量站设施设备年度巡检、维护及维修工作，及时处理运行故障，确保站点正常运行，持续保持稳定的监测能力。\n5.严格按照年度对外服务合同约定，全面完成水资源论证、水文资料审查、水文分析计算、水资源调查评价和规划、水文情报预报及分析评价、水质资料与成果评价等既定服务项目；同步在资质条件及法律法规许可范围内，规范承接并开展其他服务项目，确保所有合同项目均在时效期内完成，成果可靠。\n6.完成年度水文委托业务中水质监测相关任务，建立全流程质量追溯机制，确保监测成果真实准确、规范完整；成果质量通过主管部门审核验收，获得社会公众认可。","产出指标","数量指标","水质监测测次总数","=","263","次","定量指标","反映水质监测测次完成情况。"]
["水文水资源服务支出经费","1.完成全市13个水文站、8个水位站、208个雨量站、18个墒情站、37个水质监测站点年度监测任务，严格落实监测规范，确保监测数据合格率、及时率达成年度监测工作任务要求。\n2.完成全市水源地、常规监测站点及水功能区年度水资源质量监测、分析与评价全流程工作，形成年度水资源质量评价报告；保障监测数据畅通传输、规范归档，数据畅通率、合格率、时效性符合年度工作任务要求。\n3.持续强化水环境监测分中心丽江分中心实验室规范化管理，严格落实安全防护制度及日常质量管控措施；完成信息系统、基础设施及仪器设备年度运行维护工作，确保检测数据准确可靠。\n4.完成丽江市辖区内所有水文（位）站、雨量站设施设备年度巡检、维护及维修工作，及时处理运行故障，确保站点正常运行，持续保持稳定的监测能力。\n5.严格按照年度对外服务合同约定，全面完成水资源论证、水文资料审查、水文分析计算、水资源调查评价和规划、水文情报预报及分析评价、水质资料与成果评价等既定服务项目；同步在资质条件及法律法规许可范围内，规范承接并开展其他服务项目，确保所有合同项目均在时效期内完成，成果可靠。\n6.完成年度水文委托业务中水质监测相关任务，建立全流程质量追溯机制，确保监测成果真实准确、规范完整；成果质量通过主管部门审核验收，获得社会公众认可。","产出指标","数量指标","保障水环境监测分中心正常运行数","=","1.00","个","定量指标","反映1个水环境监测分中心正常运行维护情况。"]
["水文水资源服务支出经费","1.完成全市13个水文站、8个水位站、208个雨量站、18个墒情站、37个水质监测站点年度监测任务，严格落实监测规范，确保监测数据合格率、及时率达成年度监测工作任务要求。\n2.完成全市水源地、常规监测站点及水功能区年度水资源质量监测、分析与评价全流程工作，形成年度水资源质量评价报告；保障监测数据畅通传输、规范归档，数据畅通率、合格率、时效性符合年度工作任务要求。\n3.持续强化水环境监测分中心丽江分中心实验室规范化管理，严格落实安全防护制度及日常质量管控措施；完成信息系统、基础设施及仪器设备年度运行维护工作，确保检测数据准确可靠。\n4.完成丽江市辖区内所有水文（位）站、雨量站设施设备年度巡检、维护及维修工作，及时处理运行故障，确保站点正常运行，持续保持稳定的监测能力。\n5.严格按照年度对外服务合同约定，全面完成水资源论证、水文资料审查、水文分析计算、水资源调查评价和规划、水文情报预报及分析评价、水质资料与成果评价等既定服务项目；同步在资质条件及法律法规许可范围内，规范承接并开展其他服务项目，确保所有合同项目均在时效期内完成，成果可靠。\n6.完成年度水文委托业务中水质监测相关任务，建立全流程质量追溯机制，确保监测成果真实准确、规范完整；成果质量通过主管部门审核验收，获得社会公众认可。","产出指标","质量指标","水文经营服务合同完成质量符合率","=","100","%","定量指标","提供水资源论证；水文资料审查、水文分析计算、水资源调查评价和规划、水文情报预报及分析评价工作、水环境监测、评价、水质化验。水质资料与成果的评价提供，水文水资源业务技术培训费、水文自动测报系统设计、调试、检定、安装及常规仪器维修；专用水文站的设计、建设、运行、管理；根据科技人员、技术设备及资质条件、法律法规许可的能力承担并组织开展的其他服务项目。按照合同完成质量判断。"]
["水文水资源服务支出经费","1.完成全市13个水文站、8个水位站、208个雨量站、18个墒情站、37个水质监测站点年度监测任务，严格落实监测规范，确保监测数据合格率、及时率达成年度监测工作任务要求。\n2.完成全市水源地、常规监测站点及水功能区年度水资源质量监测、分析与评价全流程工作，形成年度水资源质量评价报告；保障监测数据畅通传输、规范归档，数据畅通率、合格率、时效性符合年度工作任务要求。\n3.持续强化水环境监测分中心丽江分中心实验室规范化管理，严格落实安全防护制度及日常质量管控措施；完成信息系统、基础设施及仪器设备年度运行维护工作，确保检测数据准确可靠。\n4.完成丽江市辖区内所有水文（位）站、雨量站设施设备年度巡检、维护及维修工作，及时处理运行故障，确保站点正常运行，持续保持稳定的监测能力。\n5.严格按照年度对外服务合同约定，全面完成水资源论证、水文资料审查、水文分析计算、水资源调查评价和规划、水文情报预报及分析评价、水质资料与成果评价等既定服务项目；同步在资质条件及法律法规许可范围内，规范承接并开展其他服务项目，确保所有合同项目均在时效期内完成，成果可靠。\n6.完成年度水文委托业务中水质监测相关任务，建立全流程质量追溯机制，确保监测成果真实准确、规范完整；成果质量通过主管部门审核验收，获得社会公众认可。","产出指标","质量指标","设施设备正常使用率",">=","90","%","定量指标","反映完成水文（位）设施设备、办公楼维修维护后正常使用情况。"]
["水文水资源服务支出经费","1.完成全市13个水文站、8个水位站、208个雨量站、18个墒情站、37个水质监测站点年度监测任务，严格落实监测规范，确保监测数据合格率、及时率达成年度监测工作任务要求。\n2.完成全市水源地、常规监测站点及水功能区年度水资源质量监测、分析与评价全流程工作，形成年度水资源质量评价报告；保障监测数据畅通传输、规范归档，数据畅通率、合格率、时效性符合年度工作任务要求。\n3.持续强化水环境监测分中心丽江分中心实验室规范化管理，严格落实安全防护制度及日常质量管控措施；完成信息系统、基础设施及仪器设备年度运行维护工作，确保检测数据准确可靠。\n4.完成丽江市辖区内所有水文（位）站、雨量站设施设备年度巡检、维护及维修工作，及时处理运行故障，确保站点正常运行，持续保持稳定的监测能力。\n5.严格按照年度对外服务合同约定，全面完成水资源论证、水文资料审查、水文分析计算、水资源调查评价和规划、水文情报预报及分析评价、水质资料与成果评价等既定服务项目；同步在资质条件及法律法规许可范围内，规范承接并开展其他服务项目，确保所有合同项目均在时效期内完成，成果可靠。\n6.完成年度水文委托业务中水质监测相关任务，建立全流程质量追溯机制，确保监测成果真实准确、规范完整；成果质量通过主管部门审核验收，获得社会公众认可。","产出指标","质量指标","水文年鉴汇编刊印资料合格率","=","100","%","定量指标","反映新增中小河流水文（位）、雨量站、州市界河水文站、国家地下水监测站、国家基本水文站是否按测站任务书完成汇编。"]
["水文水资源服务支出经费","1.完成全市13个水文站、8个水位站、208个雨量站、18个墒情站、37个水质监测站点年度监测任务，严格落实监测规范，确保监测数据合格率、及时率达成年度监测工作任务要求。\n2.完成全市水源地、常规监测站点及水功能区年度水资源质量监测、分析与评价全流程工作，形成年度水资源质量评价报告；保障监测数据畅通传输、规范归档，数据畅通率、合格率、时效性符合年度工作任务要求。\n3.持续强化水环境监测分中心丽江分中心实验室规范化管理，严格落实安全防护制度及日常质量管控措施；完成信息系统、基础设施及仪器设备年度运行维护工作，确保检测数据准确可靠。\n4.完成丽江市辖区内所有水文（位）站、雨量站设施设备年度巡检、维护及维修工作，及时处理运行故障，确保站点正常运行，持续保持稳定的监测能力。\n5.严格按照年度对外服务合同约定，全面完成水资源论证、水文资料审查、水文分析计算、水资源调查评价和规划、水文情报预报及分析评价、水质资料与成果评价等既定服务项目；同步在资质条件及法律法规许可范围内，规范承接并开展其他服务项目，确保所有合同项目均在时效期内完成，成果可靠。\n6.完成年度水文委托业务中水质监测相关任务，建立全流程质量追溯机制，确保监测成果真实准确、规范完整；成果质量通过主管部门审核验收，获得社会公众认可。","产出指标","质量指标","汛期监测站点信息到报率",">=","95","%","定量指标","反映汛期监测站点到报的情况。"]
["水文水资源服务支出经费","1.完成全市13个水文站、8个水位站、208个雨量站、18个墒情站、37个水质监测站点年度监测任务，严格落实监测规范，确保监测数据合格率、及时率达成年度监测工作任务要求。\n2.完成全市水源地、常规监测站点及水功能区年度水资源质量监测、分析与评价全流程工作，形成年度水资源质量评价报告；保障监测数据畅通传输、规范归档，数据畅通率、合格率、时效性符合年度工作任务要求。\n3.持续强化水环境监测分中心丽江分中心实验室规范化管理，严格落实安全防护制度及日常质量管控措施；完成信息系统、基础设施及仪器设备年度运行维护工作，确保检测数据准确可靠。\n4.完成丽江市辖区内所有水文（位）站、雨量站设施设备年度巡检、维护及维修工作，及时处理运行故障，确保站点正常运行，持续保持稳定的监测能力。\n5.严格按照年度对外服务合同约定，全面完成水资源论证、水文资料审查、水文分析计算、水资源调查评价和规划、水文情报预报及分析评价、水质资料与成果评价等既定服务项目；同步在资质条件及法律法规许可范围内，规范承接并开展其他服务项目，确保所有合同项目均在时效期内完成，成果可靠。\n6.完成年度水文委托业务中水质监测相关任务，建立全流程质量追溯机制，确保监测成果真实准确、规范完整；成果质量通过主管部门审核验收，获得社会公众认可。","产出指标","质量指标","河道洪（枯）水预警发布率","<=","100","%","定量指标","反映河道洪（枯）水预警发布情况。"]
["水文水资源服务支出经费","1.完成全市13个水文站、8个水位站、208个雨量站、18个墒情站、37个水质监测站点年度监测任务，严格落实监测规范，确保监测数据合格率、及时率达成年度监测工作任务要求。\n2.完成全市水源地、常规监测站点及水功能区年度水资源质量监测、分析与评价全流程工作，形成年度水资源质量评价报告；保障监测数据畅通传输、规范归档，数据畅通率、合格率、时效性符合年度工作任务要求。\n3.持续强化水环境监测分中心丽江分中心实验室规范化管理，严格落实安全防护制度及日常质量管控措施；完成信息系统、基础设施及仪器设备年度运行维护工作，确保检测数据准确可靠。\n4.完成丽江市辖区内所有水文（位）站、雨量站设施设备年度巡检、维护及维修工作，及时处理运行故障，确保站点正常运行，持续保持稳定的监测能力。\n5.严格按照年度对外服务合同约定，全面完成水资源论证、水文资料审查、水文分析计算、水资源调查评价和规划、水文情报预报及分析评价、水质资料与成果评价等既定服务项目；同步在资质条件及法律法规许可范围内，规范承接并开展其他服务项目，确保所有合同项目均在时效期内完成，成果可靠。\n6.完成年度水文委托业务中水质监测相关任务，建立全流程质量追溯机制，确保监测成果真实准确、规范完整；成果质量通过主管部门审核验收，获得社会公众认可。","产出指标","质量指标","各站点遥测数据精准率",">=","90","%","定量指标","反映各站点遥测数据的精准性情况。"]
["水文水资源服务支出经费","1.完成全市13个水文站、8个水位站、208个雨量站、18个墒情站、37个水质监测站点年度监测任务，严格落实监测规范，确保监测数据合格率、及时率达成年度监测工作任务要求。\n2.完成全市水源地、常规监测站点及水功能区年度水资源质量监测、分析与评价全流程工作，形成年度水资源质量评价报告；保障监测数据畅通传输、规范归档，数据畅通率、合格率、时效性符合年度工作任务要求。\n3.持续强化水环境监测分中心丽江分中心实验室规范化管理，严格落实安全防护制度及日常质量管控措施；完成信息系统、基础设施及仪器设备年度运行维护工作，确保检测数据准确可靠。\n4.完成丽江市辖区内所有水文（位）站、雨量站设施设备年度巡检、维护及维修工作，及时处理运行故障，确保站点正常运行，持续保持稳定的监测能力。\n5.严格按照年度对外服务合同约定，全面完成水资源论证、水文资料审查、水文分析计算、水资源调查评价和规划、水文情报预报及分析评价、水质资料与成果评价等既定服务项目；同步在资质条件及法律法规许可范围内，规范承接并开展其他服务项目，确保所有合同项目均在时效期内完成，成果可靠。\n6.完成年度水文委托业务中水质监测相关任务，建立全流程质量追溯机制，确保监测成果真实准确、规范完整；成果质量通过主管部门审核验收，获得社会公众认可。","产出指标","质量指标","水质监测数据准确率",">=","98","%","定量指标","反映监测成果的准确性。"]
["水文水资源服务支出经费","1.完成全市13个水文站、8个水位站、208个雨量站、18个墒情站、37个水质监测站点年度监测任务，严格落实监测规范，确保监测数据合格率、及时率达成年度监测工作任务要求。\n2.完成全市水源地、常规监测站点及水功能区年度水资源质量监测、分析与评价全流程工作，形成年度水资源质量评价报告；保障监测数据畅通传输、规范归档，数据畅通率、合格率、时效性符合年度工作任务要求。\n3.持续强化水环境监测分中心丽江分中心实验室规范化管理，严格落实安全防护制度及日常质量管控措施；完成信息系统、基础设施及仪器设备年度运行维护工作，确保检测数据准确可靠。\n4.完成丽江市辖区内所有水文（位）站、雨量站设施设备年度巡检、维护及维修工作，及时处理运行故障，确保站点正常运行，持续保持稳定的监测能力。\n5.严格按照年度对外服务合同约定，全面完成水资源论证、水文资料审查、水文分析计算、水资源调查评价和规划、水文情报预报及分析评价、水质资料与成果评价等既定服务项目；同步在资质条件及法律法规许可范围内，规范承接并开展其他服务项目，确保所有合同项目均在时效期内完成，成果可靠。\n6.完成年度水文委托业务中水质监测相关任务，建立全流程质量追溯机制，确保监测成果真实准确、规范完整；成果质量通过主管部门审核验收，获得社会公众认可。","产出指标","时效指标","水情预报预警服务报送及时率",">=","85","%","定量指标","反映是否按照时效完成水情预报预警服务。"]
["水文水资源服务支出经费","1.完成全市13个水文站、8个水位站、208个雨量站、18个墒情站、37个水质监测站点年度监测任务，严格落实监测规范，确保监测数据合格率、及时率达成年度监测工作任务要求。\n2.完成全市水源地、常规监测站点及水功能区年度水资源质量监测、分析与评价全流程工作，形成年度水资源质量评价报告；保障监测数据畅通传输、规范归档，数据畅通率、合格率、时效性符合年度工作任务要求。\n3.持续强化水环境监测分中心丽江分中心实验室规范化管理，严格落实安全防护制度及日常质量管控措施；完成信息系统、基础设施及仪器设备年度运行维护工作，确保检测数据准确可靠。\n4.完成丽江市辖区内所有水文（位）站、雨量站设施设备年度巡检、维护及维修工作，及时处理运行故障，确保站点正常运行，持续保持稳定的监测能力。\n5.严格按照年度对外服务合同约定，全面完成水资源论证、水文资料审查、水文分析计算、水资源调查评价和规划、水文情报预报及分析评价、水质资料与成果评价等既定服务项目；同步在资质条件及法律法规许可范围内，规范承接并开展其他服务项目，确保所有合同项目均在时效期内完成，成果可靠。\n6.完成年度水文委托业务中水质监测相关任务，建立全流程质量追溯机制，确保监测成果真实准确、规范完整；成果质量通过主管部门审核验收，获得社会公众认可。","产出指标","时效指标","水质监测数据成果提交时限","=","10","日","定量指标","按照任务书上报省水文局等上级部门监测数据及评价结果，时限按上级部门要求。按照任务书上报长委、珠委、部中心等上级部门监测数据及评价结果，时限按上级部门要求。"]
["水文水资源服务支出经费","1.完成全市13个水文站、8个水位站、208个雨量站、18个墒情站、37个水质监测站点年度监测任务，严格落实监测规范，确保监测数据合格率、及时率达成年度监测工作任务要求。\n2.完成全市水源地、常规监测站点及水功能区年度水资源质量监测、分析与评价全流程工作，形成年度水资源质量评价报告；保障监测数据畅通传输、规范归档，数据畅通率、合格率、时效性符合年度工作任务要求。\n3.持续强化水环境监测分中心丽江分中心实验室规范化管理，严格落实安全防护制度及日常质量管控措施；完成信息系统、基础设施及仪器设备年度运行维护工作，确保检测数据准确可靠。\n4.完成丽江市辖区内所有水文（位）站、雨量站设施设备年度巡检、维护及维修工作，及时处理运行故障，确保站点正常运行，持续保持稳定的监测能力。\n5.严格按照年度对外服务合同约定，全面完成水资源论证、水文资料审查、水文分析计算、水资源调查评价和规划、水文情报预报及分析评价、水质资料与成果评价等既定服务项目；同步在资质条件及法律法规许可范围内，规范承接并开展其他服务项目，确保所有合同项目均在时效期内完成，成果可靠。\n6.完成年度水文委托业务中水质监测相关任务，建立全流程质量追溯机制，确保监测成果真实准确、规范完整；成果质量通过主管部门审核验收，获得社会公众认可。","效益指标","社会效益","水文预测（报）成果应用率",">=","90","%","定量指标","反映水文预测（报）成果应用情况；水文预测（报）成果应用率=成果应用数/总成果率×100%。"]
["水文水资源服务支出经费","1.完成全市13个水文站、8个水位站、208个雨量站、18个墒情站、37个水质监测站点年度监测任务，严格落实监测规范，确保监测数据合格率、及时率达成年度监测工作任务要求。\n2.完成全市水源地、常规监测站点及水功能区年度水资源质量监测、分析与评价全流程工作，形成年度水资源质量评价报告；保障监测数据畅通传输、规范归档，数据畅通率、合格率、时效性符合年度工作任务要求。\n3.持续强化水环境监测分中心丽江分中心实验室规范化管理，严格落实安全防护制度及日常质量管控措施；完成信息系统、基础设施及仪器设备年度运行维护工作，确保检测数据准确可靠。\n4.完成丽江市辖区内所有水文（位）站、雨量站设施设备年度巡检、维护及维修工作，及时处理运行故障，确保站点正常运行，持续保持稳定的监测能力。\n5.严格按照年度对外服务合同约定，全面完成水资源论证、水文资料审查、水文分析计算、水资源调查评价和规划、水文情报预报及分析评价、水质资料与成果评价等既定服务项目；同步在资质条件及法律法规许可范围内，规范承接并开展其他服务项目，确保所有合同项目均在时效期内完成，成果可靠。\n6.完成年度水文委托业务中水质监测相关任务，建立全流程质量追溯机制，确保监测成果真实准确、规范完整；成果质量通过主管部门审核验收，获得社会公众认可。","效益指标","可持续影响","水文事业发展提升","=","有效提升",null,"定性指标","为社会提供水文勘测与测绘，水资源论证；水文资料审查、水文分析计算、水资源调查评价和规划、水文情报预报及分析评价工作、水环境监测、评价、水质化验。水文勘测、水质资料与成果的评价提供，水文自动测报系统设计、调试、检定、安装及常规仪器维修；水文测验设备的设计、制造、改造、维修；专用水文站的设计、建设、运行、管理；水土保持方案编制、水土保持监测、水利工程设计、水平衡测试等。"]
["水文水资源服务支出经费","1.完成全市13个水文站、8个水位站、208个雨量站、18个墒情站、37个水质监测站点年度监测任务，严格落实监测规范，确保监测数据合格率、及时率达成年度监测工作任务要求。\n2.完成全市水源地、常规监测站点及水功能区年度水资源质量监测、分析与评价全流程工作，形成年度水资源质量评价报告；保障监测数据畅通传输、规范归档，数据畅通率、合格率、时效性符合年度工作任务要求。\n3.持续强化水环境监测分中心丽江分中心实验室规范化管理，严格落实安全防护制度及日常质量管控措施；完成信息系统、基础设施及仪器设备年度运行维护工作，确保检测数据准确可靠。\n4.完成丽江市辖区内所有水文（位）站、雨量站设施设备年度巡检、维护及维修工作，及时处理运行故障，确保站点正常运行，持续保持稳定的监测能力。\n5.严格按照年度对外服务合同约定，全面完成水资源论证、水文资料审查、水文分析计算、水资源调查评价和规划、水文情报预报及分析评价、水质资料与成果评价等既定服务项目；同步在资质条件及法律法规许可范围内，规范承接并开展其他服务项目，确保所有合同项目均在时效期内完成，成果可靠。\n6.完成年度水文委托业务中水质监测相关任务，建立全流程质量追溯机制，确保监测成果真实准确、规范完整；成果质量通过主管部门审核验收，获得社会公众认可。","效益指标","可持续影响","设备正常使用时间","=","12","月","定量指标","反映通过对水文站、水位站、雨量站年度运行维护，设施设备正常运转情况。"]
["水文水资源服务支出经费","1.完成全市13个水文站、8个水位站、208个雨量站、18个墒情站、37个水质监测站点年度监测任务，严格落实监测规范，确保监测数据合格率、及时率达成年度监测工作任务要求。\n2.完成全市水源地、常规监测站点及水功能区年度水资源质量监测、分析与评价全流程工作，形成年度水资源质量评价报告；保障监测数据畅通传输、规范归档，数据畅通率、合格率、时效性符合年度工作任务要求。\n3.持续强化水环境监测分中心丽江分中心实验室规范化管理，严格落实安全防护制度及日常质量管控措施；完成信息系统、基础设施及仪器设备年度运行维护工作，确保检测数据准确可靠。\n4.完成丽江市辖区内所有水文（位）站、雨量站设施设备年度巡检、维护及维修工作，及时处理运行故障，确保站点正常运行，持续保持稳定的监测能力。\n5.严格按照年度对外服务合同约定，全面完成水资源论证、水文资料审查、水文分析计算、水资源调查评价和规划、水文情报预报及分析评价、水质资料与成果评价等既定服务项目；同步在资质条件及法律法规许可范围内，规范承接并开展其他服务项目，确保所有合同项目均在时效期内完成，成果可靠。\n6.完成年度水文委托业务中水质监测相关任务，建立全流程质量追溯机制，确保监测成果真实准确、规范完整；成果质量通过主管部门审核验收，获得社会公众认可。","效益指标","可持续影响","江湖河库水质状况掌握率",">=","90","%","定量指标","反映对丽江市主要江湖河库水质状况掌握情况。"]
["水文水资源服务支出经费","1.完成全市13个水文站、8个水位站、208个雨量站、18个墒情站、37个水质监测站点年度监测任务，严格落实监测规范，确保监测数据合格率、及时率达成年度监测工作任务要求。\n2.完成全市水源地、常规监测站点及水功能区年度水资源质量监测、分析与评价全流程工作，形成年度水资源质量评价报告；保障监测数据畅通传输、规范归档，数据畅通率、合格率、时效性符合年度工作任务要求。\n3.持续强化水环境监测分中心丽江分中心实验室规范化管理，严格落实安全防护制度及日常质量管控措施；完成信息系统、基础设施及仪器设备年度运行维护工作，确保检测数据准确可靠。\n4.完成丽江市辖区内所有水文（位）站、雨量站设施设备年度巡检、维护及维修工作，及时处理运行故障，确保站点正常运行，持续保持稳定的监测能力。\n5.严格按照年度对外服务合同约定，全面完成水资源论证、水文资料审查、水文分析计算、水资源调查评价和规划、水文情报预报及分析评价、水质资料与成果评价等既定服务项目；同步在资质条件及法律法规许可范围内，规范承接并开展其他服务项目，确保所有合同项目均在时效期内完成，成果可靠。\n6.完成年度水文委托业务中水质监测相关任务，建立全流程质量追溯机制，确保监测成果真实准确、规范完整；成果质量通过主管部门审核验收，获得社会公众认可。","满意度指标","服务对象满意度","受益群众满意度",">=","90","%","定量指标","水文水资源服务对象对服务的满意程度，满意度=调查人数中整体满意/总调查人数×100%。"]
["其他人员支出","本项目为保证丽江分局2026年相关业务工作正常高效运行，保证分局长期聘用人员工资发放，同时针对长期聘用编外人员要求：\n1.做到全年无无故缺勤，按时到岗。\n2.按照相关岗位职责做到认真履职，保证工作正常运行。","产出指标","数量指标","编外用工人数",">=","21","人","定量指标","反映部门（单位）实际发放编外人员数量。工资福利包括：工资、社会保险等。"]
["其他人员支出","本项目为保证丽江分局相2026年关业务工作正常高效运行，保证分局长期聘用人员工资发放，同时针对长期聘用编外人员要求：\n1.做到全年无无故缺勤，按时到岗。\n2.按照相关岗位职责做到认真履职，保证工作正常运行。","效益指标","社会效益","部门运转","=","正常运转",null,"定性指标","反映部门（单位）运转情况。"]
["其他人员支出","本项目为保证丽江分局相2026年关业务工作正常高效运行，保证分局长期聘用人员工资发放，同时针对长期聘用编外人员要求：\n1.做到全年无无故缺勤，按时到岗。\n2.按照相关岗位职责做到认真履职，保证工作正常运行。","满意度指标","服务对象满意度","单位人员满意度",">=","90","%","定量指标","反映部门（单位）人员对编外人员的满意程度。"]

{"sheet":"部门政府性基金预算表06","index":9,"n_rows":9,"n_cols":6,"rows_kept":9,"merged":[[1,0,1,5],[3,0,4,0],[3,1,4,1],[3,2,4,2],[3,3,3,5],[7,0,7,2]]}
[{"$nulls":5},"预算06表"]
["2026年政府性基金预算支出预算表"]
[{"$f":"\"单位名称：\"&\"云南省水文水资源局丽江分局\"","v":"单位名称：云南省水文水资源局丽江分局"},{"$nulls":4},"单位：元"]
["单位名称","科目编码","科目名称","政府性基金预算支出"]
[{"$nulls":3},"合计","基本支出","项目支出"]
[1,2,3,4,5,6]
[]
["合  计",null,"合  计"]
["备注：云南省水文水资源局丽江分局不涉及政府基金，本表为空。"]

{"sheet":"部门政府采购预算表07","index":10,"n_rows":18,"n_cols":17,"rows_kept":18,"merged":[[1,0,1,16],[2,0,2,5],[3,0,5,0],[3,1,5,1],[3,2,5,2],[3,3,5,3],[3,4,5,4],[3,5,5,5],[3,6,3,16],[4,6,5,6],[4,7,5,7],[4,8,5,8],[4,9,5,9],[4,10,5,10],[4,11,4,16],[17,0,17,4]]}
[{"$nulls":16},"预算07表"]
["2026年部门政府采购预算表"]
[{"$f":"\"单位名称：\"&\"云南省水文水资源局丽江分局\"","v":"单位名称：云南省水文水资源局丽江分局"},{"$nulls":15},"单位：元"]
["预算项目","采购项目","采购品目","计量\n单位","数量","面向中小企业预留资金","资金来源"]
[{"$nulls":6},"合计","一般公共预算","政府性\n基金","国有资本经营收益","财政专户管理的收入","单位自筹"]
[{"$nulls":7},"小计",{"$nulls":3},"小计","事业收入","事业单位\n经营收入","上级补助收入","附属单位上缴收入","其他收入"]
[1,2,3,4,5,6,7,8,9,10,11,12,13,14,15,16,17]
["云南省水文水资源局丽江分局",{"$nulls":4},{"v":225776,"d":"225,776.00"},{"v":280776,"d":"280,776.00"},{"v":280776,"d":"280,776.00"}]
["公车购置及运维费","公务用车燃油费用","C23120302 车辆加油、添加燃料服务","年",1,null,{"v":55000,"d":"55,000.00"},{"v":55000,"d":"55,000.00"}]
["公车购置及运维费","公务用车维修费","C23120301 车辆维修和保养服务","年",1,{"v":35000,"d":"35,000.00"},{"v":35000,"d":"35,000.00"},{"v":35000,"d":"35,000.00"}]
["公车购置及运维费","公务用车保险费用","C1804010201 机动车保险服务","年",1,{"v":11000,"d":"11,000.00"},{"v":11000,"d":"11,000.00"},{"v":11000,"d":"11,000.00"}]
["水文水资源服务支出经费","实验室高脚凳","A05010304 教学、实验椅凳","个",20,{"v":3700,"d":"3,700.00"},{"v":3700,"d":"3,700.00"},{"v":3700,"d":"3,700.00"}]
["水文水资源服务支出经费","立式柜机3匹空调","A02061804 空调机","台",2,{"v":10400,"d":"10,400.00"},{"v":10400,"d":"10,400.00"},{"v":10400,"d":"10,400.00"}]
["水文水资源服务支出经费","单人床（铁艺）","A05010103 轻金属床类","张",11,{"v":11000,"d":"11,000.00"},{"v":11000,"d":"11,000.00"},{"v":11000,"d":"11,000.00"}]
["水文水资源服务支出经费","\t 条码打印机","A02021007 条码打印机","台",1,{"v":3100,"d":"3,100.00"},{"v":3100,"d":"3,100.00"},{"v":3100,"d":"3,100.00"}]
["水文水资源服务支出经费","\t 物业管理费用","C21040001 物业管理服务","年",1,{"v":52176,"d":"52,176.00"},{"v":52176,"d":"52,176.00"},{"v":52176,"d":"52,176.00"}]
["水文水资源服务支出经费","网络机房精密空调","A02052309 专用制冷空调设备","台",2,{"v":99400,"d":"99,400.00"},{"v":99400,"d":"99,400.00"},{"v":99400,"d":"99,400.00"}]
["合  计",{"$nulls":4},{"v":225776,"d":"225,776.00"},{"v":280776,"d":"280,776.00"},{"v":280776,"d":"280,776.00"}]

{"sheet":"部门政府购买服务预算表08","index":11,"n_rows":11,"n_cols":14,"rows_kept":11,"merged":[[1,0,1,13],[2,0,2,2],[3,0,5,0],[3,1,5,1],[3,2,5,2],[3,3,3,13],[4,3,5,3],[4,4,5,4],[4,5,5,5],[4,6,5,6],[4,7,5,7],[4,8,4,13],[9,0,9,2]]}
[{"$nulls":13},"预算08表"]
["2026年部门政府购买服务预算表"]
[{"$f":"\"单位名称：\"&\"云南省水文水资源局丽江分局\"","v":"单位名称：云南省水文水资源局丽江分局"},{"$nulls":12},"单位：元"]
["预算项目","政府购买服务项目","政府购买服务目录","资金来源"]
[{"$nulls":3},"合计","一般公共预算","政府性\n基金","国有资本经营收益","财政专户管理的收入","单位自筹"]
[{"$nulls":8},"小计","事业收入","事业单位\n经营收入","上级补助收入","附属单位上缴收入","其他收入"]
[1,2,3,4,5,6,7,8,9,10,11,12,13,14]
[]
[]
["合  计"]
["备注：云南省水文水资源局丽江分局不涉及政府购买服务，本表为空。"]

{"sheet":"省对下转移支付预算表09-1","index":12,"n_rows":9,"n_cols":24,"rows_kept":9,"merged":[[1,0,1,23],[2,0,2,8],[3,0,4,0],[3,1,3,3],[3,4,3,23]]}
[{"$nulls":23},"预算09-1表"]
["2026年省对下转移支付预算表"]
[{"$f":"\"单位名称：\"&\"云南省水文水资源局丽江分局\"","v":"单位名称：云南省水文水资源局丽江分局"},{"$nulls":22},"单位：元"]
["单位名称（项目）","资金来源",null,null,"地区"]
[null,"合计","一般公共预算","政府性基金","昆明","昭通","曲靖","玉溪","红河","文山","普洱","西双版纳","楚雄","大理","保山","德宏","丽江","怒江","迪庆","临沧","宣威","腾冲","镇雄","未分配到地区数"]
[1,2,3,4,5,6,7,8,9,10,11,12,13,14,15,16,17,18,19,20,21,22,23,24]
[]
[]
["备注：云南省水文水资源局丽江分局不涉及省对下转移支付，本表为空。"]

{"sheet":"省对下转移支付绩效目标表09-2","index":13,"n_rows":8,"n_cols":10,"rows_kept":8,"merged":[[1,0,1,9],[2,0,2,7]]}
[{"$nulls":9},"预算09-2表"]
["2026年省对下转移支付绩效目标表"]
[{"$f":"\"单位名称：\"&\"云南省水文水资源局丽江分局\"","v":"单位名称：云南省水文水资源局丽江分局"}]
["单位名称、项目名称","项目年度绩效目标","一级指标","二级指标","三级指标","指标性质","指标值","度量单位","指标属性","指标内容"]
[1,2,3,4,5,6,7,8,9,10]
[]
[]
["备注：云南省水文水资源局丽江分局不涉及省对下转移支付绩效目标，本表为空。"]

{"sheet":"新增资产配置表10","index":14,"n_rows":45,"n_cols":8,"rows_kept":45,"merged":[[1,0,1,7],[3,0,4,0],[3,1,4,1],[3,2,4,2],[3,3,4,3],[3,4,4,4],[3,5,3,7],[43,0,43,4],[44,0,44,7]]}
[{"$nulls":7},"预算10表"]
["2026年新增资产配置表"]
[{"$f":"\"单位名称：\"&\"云南省水文水资源局丽江分局\"","v":"单位名称：云南省水文水资源局丽江分局"}]
["单位名称","资产类别","资产分类代码.名称","资产名称","计量单位","财政部门批复数（元）"]
[{"$nulls":5},"数量","单价","金额"]
["1","2","3","4","5","6","7","8"]
["云南省水文水资源局丽江分局","设备","A02010107 图形工作站","图形工作站","台",2,{"v":8000,"d":"8,000.00"},{"v":16000,"d":"16,000.00"}]
["云南省水文水资源局丽江分局","设备","A02021007 条码打印机","条码打印机","台",1,{"v":3100,"d":"3,100.00"},{"v":3100,"d":"3,100.00"}]
["云南省水文水资源局丽江分局","设备","A02021103 LED显示屏","LED显示屏（大屏）","个",1,{"v":208255.56,"d":"208,255.56"},{"v":208255.56,"d":"208,255.56"}]
["云南省水文水资源局丽江分局","设备","A02021103 LED显示屏","LED显示屏（横屏）","个",1,{"v":25032.87,"d":"25,032.87"},{"v":25032.87,"d":"25,032.87"}]
["云南省水文水资源局丽江分局","设备","A02052309 专用制冷空调设备","网络机房精密空调","个",2,{"v":49700,"d":"49,700.00"},{"v":99400,"d":"99,400.00"}]
["云南省水文水资源局丽江分局","设备","A02060199 其他电机","拉偏电机","台",1,{"v":5000,"d":"5,000.00"},{"v":5000,"d":"5,000.00"}]
["云南省水文水资源局丽江分局","设备","A02060199 其他电机","升降电机","台",1,{"v":5000,"d":"5,000.00"},{"v":5000,"d":"5,000.00"}]
["云南省水文水资源局丽江分局","设备","A02060199 其他电机","水平电机","个",1,{"v":5000,"d":"5,000.00"},{"v":5000,"d":"5,000.00"}]
["云南省水文水资源局丽江分局","设备","A02061804 空调机","立式柜机3匹空调","个",2,{"v":5200,"d":"5,200.00"},{"v":10400,"d":"10,400.00"}]
["云南省水文水资源局丽江分局","设备","A02080802 视频会议多点控制器","视频控制器","个",1,{"v":26711.57,"d":"26,711.57"},{"v":26711.57,"d":"26,711.57"}]
["云南省水文水资源局丽江分局","设备","A02100301 显微镜","体视显微镜","个",1,{"v":29600,"d":"29,600.00"},{"v":29600,"d":"29,600.00"}]
["云南省水文水资源局丽江分局","设备","A02100420 分析仪器辅助装置","电子滴定器","个",2,{"v":6800,"d":"6,800.00"},{"v":13600,"d":"13,600.00"}]
["云南省水文水资源局丽江分局","设备","A02100420 分析仪器辅助装置","电子分液器","个",2,{"v":10600,"d":"10,600.00"},{"v":21200,"d":"21,200.00"}]
["云南省水文水资源局丽江分局","设备","A02100420 分析仪器辅助装置","藻类沉降器","个",1,{"v":6800,"d":"6,800.00"},{"v":6800,"d":"6,800.00"}]
["云南省水文水资源局丽江分局","设备","A02100706 气体与液体计量仪表","水表","个",1,{"v":1930,"d":"1,930.00"},{"v":1930,"d":"1,930.00"}]
["云南省水文水资源局丽江分局","设备","A02101800 水文仪器设备","测流测深信号采集仪","个",3,{"v":5800,"d":"5,800.00"},{"v":17400,"d":"17,400.00"}]
["云南省水文水资源局丽江分局","设备","A02101800 水文仪器设备","地下水自动监测仪","套",2,{"v":13500,"d":"13,500.00"},{"v":27000,"d":"27,000.00"}]
["云南省水文水资源局丽江分局","设备","A02101800 水文仪器设备","电磁阀","个",2,{"v":1500,"d":"1,500.00"},{"v":3000,"d":"3,000.00"}]
["云南省水文水资源局丽江分局","设备","A02101800 水文仪器设备","多参数气象参数采集遥测终端","个",2,{"v":10000,"d":"10,000.00"},{"v":20000,"d":"20,000.00"}]
["云南省水文水资源局丽江分局","设备","A02101800 水文仪器设备","翻斗雨量传感器","个",5,{"v":1500,"d":"1,500.00"},{"v":7500,"d":"7,500.00"}]
["云南省水文水资源局丽江分局","设备","A02101800 水文仪器设备","翻斗雨量传感器","个",2,{"v":2200,"d":"2,200.00"},{"v":4400,"d":"4,400.00"}]
["云南省水文水资源局丽江分局","设备","A02101800 水文仪器设备","雷达式水位雨量遥测设备","套",1,{"v":15000,"d":"15,000.00"},{"v":15000,"d":"15,000.00"}]
["云南省水文水资源局丽江分局","设备","A02101800 水文仪器设备","雷达水位传感器","个",1,{"v":5000,"d":"5,000.00"},{"v":5000,"d":"5,000.00"}]
["云南省水文水资源局丽江分局","设备","A02101800 水文仪器设备","雷达水位传感器","个",5,{"v":8000,"d":"8,000.00"},{"v":40000,"d":"40,000.00"}]
["云南省水文水资源局丽江分局","设备","A02101800 水文仪器设备","流速仪","个",1,{"v":4960,"d":"4,960.00"},{"v":4960,"d":"4,960.00"}]
["云南省水文水资源局丽江分局","设备","A02101800 水文仪器设备","气象传感器","个",2,{"v":16500,"d":"16,500.00"},{"v":33000,"d":"33,000.00"}]
["云南省水文水资源局丽江分局","设备","A02101800 水文仪器设备","铅鱼","只",1,{"v":26000,"d":"26,000.00"},{"v":26000,"d":"26,000.00"}]
["云南省水文水资源局丽江分局","设备","A02101800 水文仪器设备","水位站雷达支架 （包含土建施工）","个",1,{"v":35000,"d":"35,000.00"},{"v":35000,"d":"35,000.00"}]
["云南省水文水资源局丽江分局","设备","A02101800 水文仪器设备","水位站视频监控设备","套",1,{"v":12000,"d":"12,000.00"},{"v":12000,"d":"12,000.00"}]
["云南省水文水资源局丽江分局","设备","A02101800 水文仪器设备","水温传感器","个",2,{"v":1500,"d":"1,500.00"},{"v":3000,"d":"3,000.00"}]
["云南省水文水资源局丽江分局","设备","A02101800 水文仪器设备","投入式液位变送器","个",6,{"v":1700,"d":"1,700.00"},{"v":10200,"d":"10,200.00"}]
["云南省水文水资源局丽江分局","设备","A02101800 水文仪器设备","遥测终端","个",1,{"v":4000,"d":"4,000.00"},{"v":4000,"d":"4,000.00"}]
["云南省水文水资源局丽江分局","设备","A02101800 水文仪器设备","蒸发水位传感器","个",2,{"v":4200,"d":"4,200.00"},{"v":8400,"d":"8,400.00"}]
["云南省水文水资源局丽江分局","设备","A02101800 水文仪器设备","自动蒸发站","个",1,{"v":75600,"d":"75,600.00"},{"v":75600,"d":"75,600.00"}]
["云南省水文水资源局丽江分局","设备","A02101800 水文仪器设备","自动蒸发站遥测终端","个",2,{"v":16000,"d":"16,000.00"},{"v":32000,"d":"32,000.00"}]
["云南省水文水资源局丽江分局","家具和用品","A05010103 轻金属床类","单人床（铁艺）","张",11,{"v":1000,"d":"1,000.00"},{"v":11000,"d":"11,000.00"}]
["云南省水文水资源局丽江分局","家具和用品","A05039900 其他装具","应急机箱","个",1,{"v":1500,"d":"1,500.00"},{"v":1500,"d":"1,500.00"}]
["合计",{"$nulls":4},75,null,{"v":872990,"d":"872,990.00"}]
["注：涉及土地使用权、房屋、公务用车购置，按照现行相关管理制度规定报批，以职能部门审批意见为准。"]

{"sheet":"中央转移支付补助项目支出预算表11","index":15,"n_rows":11,"n_cols":11,"rows_kept":11,"merged":[[1,0,1,10],[2,0,2,6],[3,0,5,0],[3,1,5,1],[3,2,5,2],[3,3,5,3],[3,4,5,4],[3,5,5,5],[3,6,5,6],[3,7,5,7],[3,8,3,10],[4,8,5,8],[4,9,5,9],[4,10,5,10],[9,0,9,6]]}
[{"$nulls":10},"预算11表"]
["2026年中央转移支付补助项目支出预算表"]
[{"$f":"\"单位名称：\"&\"云南省水文水资源局丽江分局\"","v":"单位名称：云南省水文水资源局丽江分局"},{"$nulls":9},"单位：元"]
["项目分类","项目名称","项目单位","功能科目编码","功能科目名称","经济科目编码","经济科目名称","合计","上级补助"]
[{"$nulls":8},"一般公共预算","政府性基金预算","国有资本经营预算"]
[{"$nulls":8},"小计"]
[1,2,3,4,5,6,7,8,9,10,11]
[]
[]
["合  计"]
["备注：云南省水文水资源局丽江分局不涉及中央转移支付补助，本表为空。"]

{"sheet":"部门项目支出中期规划预算表12","index":16,"n_rows":11,"n_cols":7,"rows_kept":11,"merged":[[1,0,1,6],[2,0,2,3],[3,0,5,0],[3,1,5,1],[3,2,5,2],[3,3,5,3],[3,4,3,6],[4,4,5,4],[4,5,5,5],[4,6,5,6],[10,0,10,3]]}
[{"$nulls":6},"预算12表"]
["2026年部门项目支出中期规划预算表"]
[{"$f":"\"单位名称：\"&\"云南省水文水资源局丽江分局\"","v":"单位名称：云南省水文水资源局丽江分局"},{"$nulls":5},"单位：元"]
["项目单位","项目分类","项目名称","项目级次","一般公共预算"]
[{"$nulls":4},"2026年","2027年","2028年"]
[{"$nulls":5},"小计"]
[1,2,3,4,5,6,7]
["云南省水文水资源局丽江分局",{"$nulls":3},{"v":2248300,"d":"2,248,300.00"},{"v":2248300,"d":"2,248,300.00"},{"v":2248300,"d":"2,248,300.00"}]
[null,"229 其他运转类","水文水资源服务支出经费","本级",{"v":1418300,"d":"1,418,300.00"},{"v":1418300,"d":"1,418,300.00"},{"v":1418300,"d":"1,418,300.00"}]
[null,"312 民生类","其他人员支出","本级",{"v":830000,"d":"830,000.00"},{"v":830000,"d":"830,000.00"},{"v":830000,"d":"830,000.00"}]
["合计","",null,null,{"v":2248300,"d":"2,248,300.00"},{"v":2248300,"d":"2,248,300.00"},{"v":2248300,"d":"2,248,300.00"}]